| 000 | 00837nmm a2200289 a 4500 | ||
|---|---|---|---|
| 003 | AR-BaBNM | ||
| 005 | 20251128210012.0 | ||
| 008 | 078119s1990 ||||||||||||||000 | spa|| | ||
| 020 | _a968-24-3353-3 | ||
| 040 | _cAR-BaBNM | ||
| 100 | 1 | _aWeiss, Carol H. | |
| 245 | 1 | 0 |
_aInvestigación evaluativa _bmétodos para determinar la eficiencia de los programas de acción |
| 250 | _a2ª ed. | ||
| 260 |
_aMéxico, D.F. _bTrillas _c1990 |
||
| 300 | 0 | _a183 p. | |
| 500 | 0 | _aIndice general 9-10 p. | |
| 500 | 0 | _aContiene índice analítico 177-183 p. | |
| 650 | 4 | _aEVALUACION | |
| 650 | 4 | _aEVALUACION FORMATIVA | |
| 650 | 4 | _aCRITERIOS DE EVALUACION | |
| 650 | 4 | _aOBJETIVOS EDUCACIONALES | |
| 650 | 4 | _aMEDICION | |
| 650 | 4 | _aRESULTADOS DE INVESTIGACION | |
| 653 | 0 | _aINVESTIGACION EVALUATIVA | |
| 942 | _cBK | ||
| 998 | _cRaquel | ||
| 999 |
_c13655 _d13655 |
||